| 000 | 00663cam a2200265 a 4500 | ||
|---|---|---|---|
| 005 | 20260322212033.0 | ||
| 008 | data | ||
| 010 | _a 2012371488 | ||
| 020 | _a9780385536073 (hbk.) | ||
| 020 | _a0385536070 | ||
| 040 |
_aDLC _cDLC |
||
| 042 | _apcc | ||
| 050 | 0 | 0 |
_aPS3557.R5355 _bC35 2012 |
| 082 | 0 | 0 |
_a813/.54 _223 |
| 100 | 1 | _aGrisham, John. | |
| 245 | 1 | 0 |
_aCalico Joe / _cJohn Grisham. |
| 250 | _a1st ed. | ||
| 260 |
_aNew York : _bDoubleday, _cc2012. |
||
| 300 |
_a198 p. ; _c22 cm. |
||
| 650 | 0 |
_aBaseball players _vFiction. |
|
| 650 | 0 |
_aFathers and sons _vFiction. |
|
| 650 | 0 |
_aLife change events _vFiction. |
|
| 655 | 0 | _aBaseball stories. | |
| 001 | data | ||
| 999 |
_c765 _d765 |
||